[Event "HUN-chT2 Barcza 1819"]
[Site "Hungary"]
[Date "2019.03.10"]
[Round "9.10"]
[White "Hercz, Richard"]
[Black "Fesus, Marcell"]
[Result "1-0"]
[WhiteElo "1931"]
[BlackElo "1429"]
[PlyCount "109"]
[EventDate "2018.09.23"]
[EventType "team-tourn"]
[EventRounds "11"]
[EventCountry "HUN"]
[SourceTitle "EXT 2021"]
[Source "ChessBase"]
[SourceDate "2020.10.23"]
[SourceVersion "1"]
[SourceVersionDate "2020.10.23"]
[SourceQuality "1"]
[WhiteTeam "Debrecen Sakkbaratok"]
[BlackTeam "Debrecen Sakkiskola"]
[WhiteTeamCountry "HUN"]
[BlackTeamCountry "HUN"]

1. e4 c5 2. Nf3 e6 3. d4 cxd4 4. Nxd4 a6 5. Nc3 d6 6. Be3 Be7 7. Be2 Nf6 8. 0-0 Qc7 9. Kh1 Nc6 10. f4 Bd7 11. h3 b5 12. a3 Rc8 13. Bxb5 axb5 14. Ndxb5 Qb8 15. a4 0-0 16. Qe2 Ne8 17. Rfd1 Rd8 18. a5 Bf6 19. Bb6 Rc8 20. Nxd6 Nxd6 21. e5 Nf5 22. Qf3 Bd8 23. Rxd7 Bxb6 24. axb6 Qxb6 25. Na4 Qb5 26. c4 Qb4 27. Qc3 Qxc3 28. Nxc3 Rfd8 29. Rxd8+ Rxd8 30. Nb5 h6 31. Ra6 Nb4 32. Rb6 Nd3 33. Nd6 Nxf4 34. c5 Nd5 35. Rb7 Nfe7 36. b4 Nc6 37. Nxf7 Ncxb4 38. Nxd8 Na6 39. Nxe6 Nab4 40. Rxg7+ Kh8 41. Rd7 Ne3 42. Nd4 Kg8 43. c6 Nxc6 44. Nxc6 Kf8 45. e6 Nf5 46. e7+ Nxe7 47. Rxe7 h5 48. g4 hxg4 49. hxg4 Kg8 50. Kh2 Kf8 51. Kh3 Kg8 52. Kh4 Kf8 53. Kg5 Kg8 54. Kg6 Kf8 55. g5 1-0

[Event "HUN-chT2 Barcza 1819"]
[Site "Hungary"]
[Date "2018.11.18"]
[Round "6.9"]
[White "Hercz, Richard"]
[Black "Saller, Imre"]
[Result "0-1"]
[WhiteElo "1931"]
[BlackElo "1791"]
[PlyCount "101"]
[EventDate "2018.09.23"]
[EventType "team-tourn"]
[EventRounds "11"]
[EventCountry "HUN"]
[SourceTitle "CBM 189 Extra"]
[Source "ChessBase"]
[SourceDate "2019.06.03"]
[SourceVersion "1"]
[SourceVersionDate "2019.06.03"]
[SourceQuality "1"]
[WhiteTeam "Debrecen Sakkbaratok"]
[BlackTeam "Hajduszoboszlo"]
[WhiteTeamCountry "HUN"]
[BlackTeamCountry "HUN"]

1. e4 e5 2. Nf3 Nc6 3. Bb5 a6 4. Ba4 b5 5. Bb3 d6 6. 0-0 Be7 7. c3 Nf6 8. Re1 0-0 9. h3 Na5 10. Bc2 c5 11. d4 Nc6 12. Bg5 h6 13. Bh4 Nh7 14. Bg3 Ng5 15. dxe5 Nxf3+ 16. Qxf3 dxe5 17. Rd1 Qc7 18. Nd2 Be6 19. Nf1 Rad8 20. Ne3 Qc8 21. Nd5 Bd6 22. Bh4 f6 23. Qh5 Kh7 24. f4 Bf7 25. Qf3 Bg6 26. f5 Be8 27. Bf2 Ne7 28. a4 Nxd5 29. exd5 Qb7 30. axb5 axb5 31. b4 Rc8 32. Bb3 Bf7 33. bxc5 Bxc5 34. Bxc5 Rxc5 35. Qe3 Rfc8 36. c4 bxc4 37. Bxc4 Qd7 38. Ba6 R8c7 39. d6 R7c6 40. Rab1 Rxd6 41. Rf1 Rd4 42. Qa3 Rc2 43. Qg3 Rdd2 44. Bb7 Rb2 45. Bf3 e4 46. Rxb2 Rxb2 47. Bd1 Qd4+ 48. Kh1 e3 49. Qc7 Qc4 50. Qxc4 Bxc4 51. Bh5 0-1

[Event "HUN-chT2 Barcza 1718"]
[Site "Hungary"]
[Date "2018.01.28"]
[Round "7.9"]
[White "Pasztor, Lorant"]
[Black "Hercz, Richard"]
[Result "0-1"]
[WhiteElo "1925"]
[BlackElo "1903"]
[PlyCount "72"]
[EventDate "2017.09.24"]
[EventType "team-tourn"]
[EventRounds "11"]
[EventCountry "HUN"]
[SourceTitle "EXT 2021"]
[Source "ChessBase"]
[SourceDate "2020.10.23"]
[SourceVersion "1"]
[SourceVersionDate "2020.10.23"]
[SourceQuality "1"]
[WhiteTeam "Szirmabesenyo"]
[BlackTeam "Bajnok Sakkiskola"]
[WhiteTeamCountry "HUN"]
[BlackTeamCountry "HUN"]

1. d4 Nf6 2. Nf3 g6 3. g3 Bg7 4. Bg2 d6 5. 0-0 0-0 6. c3 c6 7. Nbd2 Qc7 8. e4 Nbd7 9. Qb3 e5 10. Re1 Kh8 11. a4 Ne8 12. Nc4 a5 13. Be3 f5 14. Ng5 exd4 15. Ne6 Nc5 16. Nxc7 Nxb3 17. Nxa8 Nxa1 18. Bf4 Be6 19. Nxa5 dxc3 20. b4 Nc2 21. Rd1 Nxb4 22. Nb6 c2 23. Rf1 Nd3 24. Bc1 Bd4 25. Nbc4 fxe4 26. Ne3 Bd5 27. Nxb7 Rf7 28. Nd8 Rd7 29. Nxd5 cxd5 30. Ne6 Ba7 31. Bh3 Rf7 32. Nf4 Nxf4 33. Bxf4 Rb7 34. Be6 Rb1 35. Bxd5 Rxf1+ 36. Kxf1 e3 0-1

[Event "HUN-chT2 Barcza 1617"]
[Site "Hungary"]
[Date "2017.03.12"]
[Round "10.5"]
[White "Hercz, Richard"]
[Black "Toth, Tamas3333"]
[Result "0-1"]
[WhiteElo "1851"]
[BlackElo "2106"]
[PlyCount "110"]
[EventDate "2016.09.25"]
[EventType "team-tourn"]
[EventRounds "11"]
[EventCountry "HUN"]
[SourceTitle "EXT 2021"]
[Source "ChessBase"]
[SourceDate "2020.10.23"]
[SourceVersion "1"]
[SourceVersionDate "2020.10.23"]
[SourceQuality "1"]
[WhiteTeam "Bajnok Sakkiskola"]
[BlackTeam "Hajduboszormeny"]
[WhiteTeamCountry "HUN"]
[BlackTeamCountry "HUN"]

1. e4 e5 2. Nf3 Nc6 3. Bb5 a6 4. Ba4 Nge7 5. 0-0 g6 6. c3 Bg7 7. d4 exd4 8. cxd4 b5 9. Bb3 0-0 10. Nc3 Na5 11. Bf4 Bb7 12. Re1 h6 13. Rc1 d6 14. Bc2 Nc4 15. b3 Na3 16. Bd3 c5 17. dxc5 dxc5 18. e5 Rc8 19. Ne4 Nd5 20. Bg3 Nb4 21. Nxc5 Rxc5 22. Rxc5 Nxd3 23. Rc3 Nxe1 24. Qxe1 b4 25. Rc1 Bxf3 26. gxf3 Qb6 27. Qe4 Rd8 28. Kg2 a5 29. Rc6 Qd4 30. Rc8 Qd7 31. Rc6 Qf5 32. Qe2 Rc8 33. Rd6 Rc2 34. Qa6 Rc3 35. Qa8+ Kh7 36. Qd5 Nc2 37. Qe4 Qxe4 38. fxe4 Ne1+ 39. Kf1 Nf3 40. Rd5 a4 41. bxa4 Ra3 42. Ke2 Ng5 43. Rd4 Rxa2+ 44. Kd1 Rxa4 45. Kc1 Nf3 46. Rd7 Nxe5 47. Bxe5 Bxe5 48. Rxf7+ Kg8 49. Rb7 Bxh2 50. Kb2 h5 51. Rb5 Ra8 52. e5 Re8 53. Rxb4 Bxe5+ 54. Kc2 Ra8 55. Re4 Bf6 0-1

[Event "HUN-chT2 Barcza 1617"]
[Site "Hungary"]
[Date "2017.01.29"]
[Round "7.7"]
[White "Marko, Arpad"]
[Black "Hercz, Richard"]
[Result "0-1"]
[WhiteElo "1895"]
[BlackElo "1851"]
[PlyCount "82"]
[EventDate "2016.09.25"]
[EventType "team-tourn"]
[EventRounds "11"]
[EventCountry "HUN"]
[SourceTitle "EXT 2021"]
[Source "ChessBase"]
[SourceDate "2020.10.23"]
[SourceVersion "1"]
[SourceVersionDate "2020.10.23"]
[SourceQuality "1"]
[WhiteTeam "Kazincbarcika"]
[BlackTeam "Bajnok Sakkiskola"]
[WhiteTeamCountry "HUN"]
[BlackTeamCountry "HUN"]

1. e4 c5 2. c3 e6 3. d4 Qc7 4. Bd3 Nc6 5. d5 Ne5 6. c4 Nf6 7. Nc3 a6 8. a4 Bd6 9. Nge2 Ng6 10. g3 exd5 11. exd5 Ne5 12. 0-0 0-0 13. f4 Nxd3 14. Qxd3 Re8 15. Kg2 Bf8 16. b3 d6 17. h3 g6 18. Bb2 Bf5 19. Qd2 Qe7 20. Rae1 Ne4 21. Nxe4 Qxe4+ 22. Kh2 Qd3 23. Qc3 Rxe2+ 24. Rxe2 Qxe2+ 25. Kg1 f6 26. Qxf6 Qe7 27. Qh8+ Kf7 28. Qxh7+ Ke8 29. Qxe7+ Bxe7 30. g4 Bc2 31. Rf3 b5 32. Rc3 Bd1 33. Rd3 Bc2 34. Rc3 Bd1 35. Rd3 bxc4 36. Rxd1 Rb8 37. Re1 Kf7 38. Re3 Rxb3 39. Rxb3 cxb3 40. g5 Bf8 41. f5 gxf5 0-1

[Event "HUN-chT2 Barcza 1617"]
[Site "Hungary"]
[Date "2016.11.27"]
[Round "5.8"]
[White "Hercz, Richard"]
[Black "Solyom, Sandor"]
[Result "1-0"]
[WhiteElo "1851"]
[BlackElo "1712"]
[PlyCount "37"]
[EventDate "2016.09.25"]
[EventType "team-tourn"]
[EventRounds "11"]
[EventCountry "HUN"]
[SourceTitle "EXT 2021"]
[Source "ChessBase"]
[SourceDate "2020.10.23"]
[SourceVersion "1"]
[SourceVersionDate "2020.10.23"]
[SourceQuality "1"]
[WhiteTeam "Bajnok Sakkiskola"]
[BlackTeam "Sajobabony"]
[WhiteTeamCountry "HUN"]
[BlackTeamCountry "HUN"]

1. e4 e6 2. d4 d5 3. Bd3 Bd6 4. e5 Be7 5. Nd2 c5 6. c3 Nc6 7. Ne2 Qb6 8. Nf3 cxd4 9. cxd4 Qb4+ 10. Bd2 Qb6 11. a3 Qxb2 12. Rb1 Qxa3 13. Rb3 Qa4 14. Bb5 Qa2 15. Nc1 Qxb3 16. Nxb3 a6 17. Bxc6+ bxc6 18. Qc2 Bd7 19. 0-0 1-0

[Event "HUN-chT2 Barcza 1516"]
[Site "Hungary"]
[Date "2015.11.08"]
[Round "4.10"]
[White "Hercz, Richard"]
[Black "Kincses, Laszlo"]
[Result "1-0"]
[WhiteElo "1866"]
[BlackElo "1665"]
[PlyCount "87"]
[EventDate "2015.09.13"]
[EventType "team-tourn"]
[EventRounds "11"]
[EventCountry "HUN"]
[SourceTitle "CBM 170 Extra"]
[Source "ChessBase"]
[SourceDate "2016.02.25"]
[SourceVersion "1"]
[SourceVersionDate "2016.02.25"]
[SourceQuality "1"]
[WhiteTeam "Hajduszoboszlo"]
[BlackTeam "Kazincbarcika"]
[WhiteTeamCountry "HUN"]
[BlackTeamCountry "HUN"]

1. e4 e5 2. Nf3 d6 3. d4 Nd7 4. Bc4 h6 5. 0-0 Be7 6. Nc3 c6 7. Ne2 Bf6 8. c3 Ne7 9. Ng3 g6 10. Qb3 Rh7 11. h3 Nb6 12. dxe5 dxe5 13. Rd1 Qc7 14. Be3 Nxc4 15. Qxc4 b6 16. Rd2 Be6 17. Qd3 Kf8 18. b3 Kg7 19. Rad1 Rhh8 20. Qc2 c5 21. Rd3 Rhd8 22. Qc1 Ng8 23. Ne2 Rxd3 24. Rxd3 c4 25. bxc4 Bxc4 26. Rd2 Rc8 27. Qa3 Bxe2 28. Rxe2 Be7 29. Qa4 g5 30. Nxe5 f6 31. Nf3 a5 32. Bd4 Bc5 33. e5 Bxd4 34. cxd4 Qc6 35. exf6+ Kxf6 36. Qb3 b5 37. Ne5 Qb7 38. Ng4+ Kg7 39. Qe6 Rc1+ 40. Kh2 Qc7+ 41. Ne5 Nf6 42. Qf5 Ng8 43. Qg6+ Kf8 44. Re3 1-0

[Event "HUN-chT2 Barcza 1415"]
[Site "Hungary"]
[Date "2015.04.26"]
[Round "11.11"]
[White "Hercz, Richard"]
[Black "Pap, Kristof"]
[Result "1-0"]
[WhiteElo "1883"]
[BlackElo "1540"]
[PlyCount "75"]
[EventDate "2014.09.07"]
[EventType "team-tourn"]
[EventRounds "11"]
[EventCountry "HUN"]
[SourceTitle "EXT 2016"]
[Source "ChessBase"]
[SourceDate "2015.10.08"]
[SourceVersion "1"]
[SourceVersionDate "2015.10.08"]
[SourceQuality "1"]
[WhiteTeam "Hajduszoboszlo"]
[BlackTeam "Mezokovesd"]
[WhiteTeamCountry "HUN"]
[BlackTeamCountry "HUN"]

1. e4 c6 2. d4 d5 3. Nd2 dxe4 4. Nxe4 Bf5 5. Ng3 Bg6 6. h4 h5 7. Nf3 Nd7 8. Bd3 Bxd3 9. Qxd3 Ngf6 10. Bf4 Nd5 11. Bd2 Qc7 12. 0-0-0 e6 13. Ne4 0-0-0 14. Neg5 Nf4 15. Qe4 Nd5 16. Nxf7 Nc5 17. Qg6 Na4 18. Qxe6+ Kb8 19. Nxd8 Qb6 20. Nxc6+ bxc6 21. Qe8+ Kb7 22. Qf7+ Ka6 23. b3 Ba3+ 24. Kb1 Nac3+ 25. Bxc3 Nxc3+ 26. Ka1 Nd5 27. Qf5 Bb4 28. Qd3+ Kb7 29. Ne5 Qa5 30. c4 Bc3+ 31. Kb1 Qa3 32. Qc2 Nb4 33. Qxc3 Qxa2+ 34. Kc1 Qa3+ 35. Qb2 Na2+ 36. Kb1 Nc3+ 37. Qxc3 Rb8 38. Nd7 1-0

[Event "HUN-chT2 Barcza 1314"]
[Site "Hungary"]
[Date "2014.04.27"]
[Round "11"]
[White "Kovacs, Istvan2222"]
[Black "Hercz, Richard"]
[Result "1/2-1/2"]
[WhiteElo "1970"]
[BlackElo "1848"]
[PlyCount "21"]
[EventDate "2013.09.08"]
[EventType "team-tourn"]
[EventRounds "11"]
[EventCountry "HUN"]
[SourceTitle "EXT 2016"]
[Source "ChessBase"]
[SourceDate "2015.10.08"]
[SourceVersion "1"]
[SourceVersionDate "2015.10.08"]
[SourceQuality "1"]
[WhiteTeam "Debrecen Sakkiskola"]
[BlackTeam "Debrecen EAC"]
[WhiteTeamCountry "HUN"]
[BlackTeamCountry "HUN"]

1. Nf3 Nf6 2. c4 d6 3. Nc3 g6 4. g3 Bg7 5. Bg2 0-0 6. 0-0 e5 7. d3 Ne8 8. Rb1 f5 9. Bd2 h6 10. b4 g5 11. Ne1 1/2-1/2

[Event "HUN-chT2 Barcza 1314"]
[Site "Hungary"]
[Date "2014.03.23"]
[Round "9"]
[White "Hercz, Richard"]
[Black "Gorbe, Szabolcs"]
[Result "1/2-1/2"]
[WhiteElo "1848"]
[BlackElo "1898"]
[PlyCount "22"]
[EventDate "2013.09.08"]
[EventType "team-tourn"]
[EventRounds "11"]
[EventCountry "HUN"]
[SourceTitle "EXT 2016"]
[Source "ChessBase"]
[SourceDate "2015.10.08"]
[SourceVersion "1"]
[SourceVersionDate "2015.10.08"]
[SourceQuality "1"]
[WhiteTeam "Debrecen EAC"]
[BlackTeam "Nyiregyhaza SISE"]
[WhiteTeamCountry "HUN"]
[BlackTeamCountry "HUN"]

1. e4 e5 2. Nf3 Nf6 3. Nxe5 d6 4. Nf3 Nxe4 5. d4 d5 6. Bd3 Nc6 7. 0-0 Be7 8. Re1 Bg4 9. c3 Nf6 10. Bg5 0-0 11. Nbd2 b6 1/2-1/2

[Event "HUN-chT2 Barcza 1314"]
[Site "Hungary"]
[Date "2014.03.02"]
[Round "8"]
[White "Kiss, Gergo"]
[Black "Hercz, Richard"]
[Result "1-0"]
[WhiteElo "1869"]
[BlackElo "1848"]
[PlyCount "87"]
[EventDate "2013.09.08"]
[EventType "team-tourn"]
[EventRounds "11"]
[EventCountry "HUN"]
[SourceTitle "EXT 2016"]
[Source "ChessBase"]
[SourceDate "2015.10.08"]
[SourceVersion "1"]
[SourceVersionDate "2015.10.08"]
[SourceQuality "1"]
[WhiteTeam "Nyiregyhaza"]
[BlackTeam "Debrecen EAC"]
[WhiteTeamCountry "HUN"]
[BlackTeamCountry "HUN"]

1. d4 Nf6 2. c4 g6 3. Nc3 d6 4. e4 Bg7 5. Bd3 0-0 6. Nge2 c6 7. 0-0 Qc7 8. f4 e5 9. d5 Nbd7 10. f5 Qb6+ 11. Kh1 Ng4 12. Qe1 Nc5 13. Bc2 Nf6 14. Qh4 Qd8 15. Bg5 Ncd7 16. Rf3 Qe8 17. Raf1 a6 18. Rd1 cxd5 19. Nxd5 Nxd5 20. Rxd5 f6 21. Bd2 g5 22. Qf2 Qe7 23. Bb4 Nc5 24. Bxc5 dxc5 25. Qxc5 Qe8 26. Nc3 Bd7 27. Qb4 Bc6 28. Rd1 a5 29. Qb6 Ra6 30. Qf2 h5 31. Nd5 Bxd5 32. Rxd5 Qc6 33. Qe2 Rc8 34. Bd3 Raa8 35. Rf1 h4 36. Rd1 Rd8 37. Bc2 Qb6 38. Ba4 Rxd5 39. Rxd5 Qb4 40. Bd7 a4 41. Rb5 Qd6 42. Rxb7 Rd8 43. Be6+ Kf8 44. Bd5 1-0

[Event "HUN-chT2 Barcza 1314"]
[Site "Hungary"]
[Date "2013.11.17"]
[Round "5"]
[White "Hercz, Richard"]
[Black "Bujdoso, Barnabas"]
[Result "1-0"]
[WhiteElo "1848"]
[BlackElo "1968"]
[PlyCount "119"]
[EventDate "2013.09.08"]
[EventType "team-tourn"]
[EventRounds "11"]
[EventCountry "HUN"]
[SourceTitle "EXT 2016"]
[Source "ChessBase"]
[SourceDate "2015.10.08"]
[SourceVersion "1"]
[SourceVersionDate "2015.10.08"]
[SourceQuality "1"]
[WhiteTeam "Debrecen EAC"]
[BlackTeam "Sajobabony"]
[WhiteTeamCountry "HUN"]
[BlackTeamCountry "HUN"]

1. e4 e6 2. d4 d5 3. exd5 exd5 4. Nf3 Nf6 5. Bd3 Be7 6. 0-0 0-0 7. Bg5 Ne4 8. Bxe7 Qxe7 9. Re1 f5 10. Ne5 Qf6 11. c4 c5 12. cxd5 cxd4 13. Bxe4 Qxe5 14. Bf3 Qf6 15. Na3 Na6 16. Nb5 d3 17. Qxd3 Bd7 18. Qb3 Kh8 19. Nc3 Rab8 20. Qa3 g5 21. Qe7 Rbd8 22. Qxf6+ Rxf6 23. Re7 Nc5 24. Be2 Re8 25. Rxe8+ Bxe8 26. Rd1 Rd6 27. b4 Ne4 28. Nxe4 fxe4 29. f3 Bg6 30. Kf2 Kg7 31. Ke3 exf3 32. Bxf3 Kf6 33. Kd4 h5 34. h3 Bf7 35. Kc5 Ke7 36. Re1+ Kd7 37. Re5 Ra6 38. Rxg5 Rxa2 39. Bxh5 Bxh5 40. Rxh5 Rc2+ 41. Kd4 Rd2+ 42. Ke5 Re2+ 43. Kd4 Rd2+ 44. Kc5 Rc2+ 45. Kb5 Rxg2 46. Rh7+ Kd6 47. Rxb7 Kxd5 48. Rxa7 Rg6 49. Rh7 Kd4 50. Ka5 Rg8 51. b5 Rg1 52. Ka6 Kc5 53. Rh5+ Kd6 54. b6 Rd1 55. Rh6+ Ke7 56. Kb7 Rb1 57. Kb8 Rb3 58. b7 Kd8 59. Ka7 Ra3+ 60. Ra6 1-0

[Event "HUN-chT2 Barcza 1314"]
[Site "Hungary"]
[Date "2013.11.03"]
[Round "4"]
[White "Hercz, Richard"]
[Black "Papp, Levente"]
[Result "1/2-1/2"]
[WhiteElo "1848"]
[BlackElo "1892"]
[PlyCount "62"]
[EventDate "2013.09.08"]
[EventType "team-tourn"]
[EventRounds "11"]
[EventCountry "HUN"]
[SourceTitle "EXT 2016"]
[Source "ChessBase"]
[SourceDate "2015.10.08"]
[SourceVersion "1"]
[SourceVersionDate "2015.10.08"]
[SourceQuality "1"]
[WhiteTeam "Debrecen EAC"]
[BlackTeam "Miskolc KisBocsok"]
[WhiteTeamCountry "HUN"]
[BlackTeamCountry "HUN"]

1. e4 e6 2. d4 d5 3. exd5 exd5 4. Nf3 Nc6 5. Bb5 Bg4 6. h3 Bxf3 7. Qxf3 a6 8. Bxc6+ bxc6 9. 0-0 Bd6 10. c4 Nf6 11. Nc3 0-0 12. c5 Be7 13. Bf4 Qd7 14. Rfe1 Rfe8 15. Re2 Bf8 16. Rae1 Rxe2 17. Rxe2 Re8 18. Rxe8 Nxe8 19. Qe2 Qc8 20. Be5 g6 21. a3 Bg7 22. Na2 a5 23. b4 Qa8 24. bxa5 Qxa5 25. Nb4 Qxa3 26. Nxc6 Qa8 27. Ne7+ Kf8 28. Bxg7+ Nxg7 29. Qe5 c6 30. Qd6 Ne8 31. Qe5 Ng7 1/2-1/2

[Event "HUN-chT2 Barcza 1314"]
[Site "Hungary"]
[Date "2013.09.08"]
[Round "1"]
[White "Lakatos, Krisztian"]
[Black "Hercz, Richard"]
[Result "0-1"]
[WhiteElo "1924"]
[BlackElo "1848"]
[PlyCount "70"]
[EventDate "2013.09.08"]
[EventType "team-tourn"]
[EventRounds "11"]
[EventCountry "HUN"]
[SourceTitle "EXT 2016"]
[Source "ChessBase"]
[SourceDate "2015.10.08"]
[SourceVersion "1"]
[SourceVersionDate "2015.10.08"]
[SourceQuality "1"]
[WhiteTeam "Tiszavasvar"]
[BlackTeam "Debrecen EAC"]
[WhiteTeamCountry "HUN"]
[BlackTeamCountry "HUN"]

1. e4 d6 2. d4 g6 3. Nf3 Bg7 4. Bc4 Nf6 5. Nc3 0-0 6. Bg5 h6 7. Be3 Ng4 8. 0-0 Nd7 9. Rb1 e5 10. h3 Nxe3 11. fxe3 Nb6 12. Bb3 a5 13. a3 Qe7 14. Qd3 Be6 15. Nd5 Bxd5 16. exd5 e4 17. Qd2 exf3 18. Rxf3 a4 19. Ba2 h5 20. Qd3 Rae8 21. Rbf1 Bh6 22. Kh1 Qe4 23. Qb5 Bxe3 24. c4 Bxd4 25. Bb1 Qe7 26. b3 Qd7 27. Qb4 Bc5 28. Qd2 axb3 29. Qh6 Qe7 30. Rg3 Be3 31. Qxh5 Qe5 32. Bxg6 Qxh5 33. Bxh5+ Kh8 34. Bxf7 Re7 35. Rf5 Rexf7 0-1

[Event "Puspokladany Arnoth Memorial 04th"]
[Site "Puspokladany"]
[Date "2011.07.28"]
[Round "3"]
[White "Hercz, Richard"]
[Black "Magi, Tibor"]
[Result "1-0"]
[WhiteElo "1737"]
[BlackElo "1926"]
[PlyCount "120"]
[EventDate "2011.07.27"]
[EventType "swiss"]
[EventRounds "9"]
[EventCountry "HUN"]
[SourceTitle "EXT 2018"]
[Source "ChessBase"]
[SourceDate "2017.10.13"]
[SourceVersion "1"]
[SourceVersionDate "2017.10.13"]
[SourceQuality "1"]

1. e4 e5 2. Nf3 d6 3. d4 Bg4 4. dxe5 Bxf3 5. Qxf3 dxe5 6. Bc4 f6 7. Qb3 Qd6 8. Bxg8 Qb4+ 9. Qxb4 Bxb4+ 10. c3 Bd6 11. Bd5 c6 12. Bb3 Nd7 13. Be3 b6 14. Nd2 Ke7 15. Nc4 Bc7 16. 0-0-0 Rad8 17. g3 b5 18. Nd2 c5 19. f4 Bb6 20. Nf3 c4 21. Bxb6 Nxb6 22. Bc2 Ke6 23. h4 h6 24. Rxd8 Rxd8 25. Rd1 Rc8 26. f5+ Ke7 27. g4 Rh8 28. Rg1 Kf7 29. g5 hxg5 30. hxg5 Rh3 31. gxf6 gxf6 32. Bd1 Nd7 33. Rg2 Nc5 34. Rh2 Rxh2 35. Nxh2 Nxe4 36. Bh5+ Ke7 37. Nf1 Kd6 38. Ne3 Nc5 39. Be8 a6 40. Ng4 e4 41. Kd2 Nd3 42. b3 cxb3 43. axb3 b4 44. cxb4 Nxb4 45. Ke3 Nd3 46. Bf7 Nc5 47. b4 Nd3 48. Kxe4 Nxb4 49. Be6 Ke7 50. Ne3 Nc6 51. Nd5+ Kd6 52. Nxf6 a5 53. Ng8 a4 54. Bd5 a3 55. f6 Ne5 56. Nh6 Nd7 57. f7 Ke7 58. Ng8+ Kf8 59. Kf5 Nb6 60. Ba2 Nc8 1-0